| 000 | 00607nam a22001937a 4500 | ||
|---|---|---|---|
| 005 | 20161006170421.0 | ||
| 010 | _aENG-116186 | ||
| 020 |
_a9789385329029 _c650.00 |
||
| 035 | _aEN-99718 | ||
| 037 | _bDBAD/PUB | ||
| 082 | _a079.54552 | ||
| 100 | _aBasra,Amrit Kaur | ||
| 245 |
_aPress and politics in the Punjab 1860-1905 / _cby Amrit Kaur Basra |
||
| 260 |
_aDelhi _bShree Kala Prakashan _c2015 |
||
| 270 |
_a42/43,U.B. Jawahar Nagar _bDelhi _e110007 |
||
| 300 |
_axvi,197p. _c21cm(Hb) |
||
| 500 | _aIncludes bibliographical references and index | ||
| 942 |
_2ddc _cEN _h079.54552 _mBAS |
||
| 999 |
_c103915 _d103915 |
||